01360nam a2200325Ia 4500001001200000003000800012006001900020007001500039008004100054020002500095020002200120040002100142035002100163050002500184100002800209245013400237260005900371300001600430490003500446504005100481533015200532600005300684600004900737650002100786655002900807710001700836830003600853856012600889999001901015ebr10358421CaPaEBRm u cr cn|||||||||090626s2009 enk sb 001 0 eng d z9780199574117 (hbk.) z0199574111 (hbk.) aCaPaEBRcCaPaEBR a(OCoLC)52610653914aBR65.B36bR33 2009eb1 aRadde-Gallwitz, Andrew.10aBasil of Caesarea, Gregory of Nyssa, and the transformation of divine simplicityh[electronic resource] /cAndrew Radde-Gallwitz. aOxford ;aNew York :bOxford University Press,cc2009. axxi, 261 p.1 aOxford early Christian studies aIncludes bibliographical references and index. aElectronic reproduction.bPalo Alto, Calif. :cebrary,d2011.nAvailable via World Wide Web.nAccess may be limited to ebrary affiliated libraries.00aBasil,cSaint, Bishop of Caesarea,dca. 329-379.00aGregory,cof Nyssa, Saint,dca. 335-ca. 394. 0aGodxSimplicity. 7aElectronic books.2local2 aebrary, Inc. 0aOxford early Christian studies.40uhttp://site.ebrary.com/lib/rucke/Doc?id=10358421zAn electronic book accessible through the World Wide Web; click to view c107645d107645